000 00558nam a2200229Ia 4500
003 OSt
005 20220924145517.0
006 a|||||r|||| 00| 0
007 ta
008 PER
024 _a328995
037 _cTextual
040 _aARTS
_cARTS
_bPER
041 _2PER
_aPER
082 _aO164,6NHA2x, M6
100 _aHalbi Ali Asghar Au.
_9199075
245 0 _aMuajza-e-Irani bodan
260 _c1986
650 _aPERSIAN PROSE
_9997
942 _hO164,6NHA2x, M6
_cTEXL
_2CC
999 _c460276
_d460276